000 00488nam a2200193Ia 4500
005 20240823052306.0
008 240823s9999||||xx |||||||||||||| ||und||
020 _a81-85015-12-0
041 _aENGLISH
082 _A512.73 N8
100 _a"Apostal,Tom M"
245 0 _aIntroduction to Analytic Number Theory
250 _a1st
260 _c1998
_bNarosa Publishing House New
500 _aYES
650 _aAnalytic Number Theory
_bMathematics
942 _cBK
999 _c221528
_d221528